| 000 | 01601nam a2200409Ia 4500 | ||
|---|---|---|---|
| 001 | ebr10175728 | ||
| 003 | CaPaEBR | ||
| 006 | m u | ||
| 007 | cr cn||||||||| | ||
| 008 | 060824s2007 nyua sb 001 0ceng d | ||
| 010 | _z 2006050977 | ||
| 020 | _z9780230604179 | ||
| 020 | _z1403976686 (alk. paper) | ||
| 020 | _z9781403976680 (alk. paper) | ||
| 040 |
_aCaPaEBR _cCaPaEBR |
||
| 035 | _a(OCoLC)560518508 | ||
| 050 | 1 | 4 |
_aBV2300.M4 _bD53 2007eb |
| 082 | 0 | 4 |
_a271/.97 _aB _222 |
| 245 | 0 | 4 |
_aThe diaries of the Maryknoll Sisters in Hong Kong, 1921-1966 _h[electronic resource] / _cedited by Cindy Yik-yi Chu. |
| 250 | _a1st ed. | ||
| 260 |
_aNew York, N.Y. : _bPalgrave Macmillan, _c2007. |
||
| 300 |
_axi, 241 p. : _bill. |
||
| 504 | _aIncludes bibliographical references (p. [221]-232) and index. | ||
| 533 |
_aElectronic reproduction. _bPalo Alto, Calif. : _cebrary, _d2009. _nAvailable via World Wide Web. _nAccess may be limited to ebrary affiliated libraries. |
||
| 610 | 2 | 0 |
_aMaryknoll Sisters _vBiography. |
| 610 | 2 | 0 |
_aMaryknoll Sisters _zChina _zHong Kong. |
| 610 | 2 | 0 |
_aCatholic Church _xHistory _y20th century. |
| 610 | 2 | 0 |
_aCatholic Church _zChina _zHong Kong. |
| 650 | 0 |
_aNuns _vDiaries. |
|
| 650 | 0 |
_aMissionaries _vDiaries. |
|
| 651 | 0 |
_aHong Kong (China) _xChurch history _y20th century. |
|
| 655 | 7 |
_aElectronic books. _2local |
|
| 700 | 1 | _aChu, Cindy Yik-yi. | |
| 710 | 2 | _aMaryknoll Sisters. | |
| 710 | 2 | _aebrary, Inc. | |
| 856 | 4 | 0 |
_uhttp://site.ebrary.com/lib/rucke/Doc?id=10175728 _zAn electronic book accessible through the World Wide Web; click to view |
| 999 |
_c237983 _d237983 |
||